| 000 | 00802nas a2200253 4500 | ||
|---|---|---|---|
| 001 | BR7800270 | ||
| 003 | BR-BrBNA | ||
| 005 | 20231205083300.0 | ||
| 007 | ta | ||
| 008 | 230509b bl.|||p| |||| 00| 00por d | ||
| 040 |
_aBR-BrBNA _bpor _cBiblioteca Nacional de Agricultura |
||
| 041 | _a(En) | ||
| 072 | _aH20 | ||
| 100 | 1 | _aBeretta, M.J.G. | |
| 100 | 1 | _aMartins, E.M.F. | |
| 100 | 1 | _aMoraes, W.B.C. | |
| 245 | 1 | _aInduced protection to Hemileia vastatrix at a distance from the site of the inducing action in coffee plants [cafe, ferrugem, uredosporo] | |
| 650 | _aCAFE | ||
| 650 | _aFERRUGEM | ||
| 650 | _aUREDOSPORO | ||
| 773 | 0 |
_tSumma Phytopathologica (Brazil) _xISSN 0100-5405 _g(Jan 1977), v. 3(1) p. 66-70 _wBR7800270 |
|
| 909 |
_a202311 _bLúcia _c55 _dLúcia Elande |
||
| 942 |
_2AGRIS _n0 _cANA |
||
| 999 |
_c97703 _d97703 |
||